Kataik koṭi. (Record no. 78855)

MARC details
000 -LEADER
fixed length control field 00506cam a22002171 4500
001 - CONTROL NUMBER
control field sa 68002602
003 - CONTROL NUMBER IDENTIFIER
control field DLC
005 - DATE AND TIME OF LATEST TRANSACTION
control field 20260227112445.0
008 - FIXED-LENGTH DATA ELEMENTS--GENERAL INFORMATION
fixed length control field 950117s1966 ii 000 1 tamo
010 ## - LIBRARY OF CONGRESS CONTROL NUMBER
LC control number sa 68002602
025 ## - OVERSEAS ACQUISITION NUMBER
Overseas acquisition number PL480:I-T-2001
035 ## - SYSTEM CONTROL NUMBER
System control number (OCoLC)31829383
040 ## - CATALOGING SOURCE
Original cataloging agency DLC
Transcribing agency CU
Modifying agency CU
-- DLC
042 ## - AUTHENTICATION CODE
Authentication code premarc
050 00 - LIBRARY OF CONGRESS CALL NUMBER
Classification number PL4758.8
Item number .K33
245 00 - TITLE STATEMENT
Title Kataik koṭi.
260 ## - PUBLICATION, DISTRIBUTION, ETC.
Date of publication, distribution, etc. [1966]
300 ## - PHYSICAL DESCRIPTION
Extent 98 p.
Dimensions 18 cm.
500 ## - GENERAL NOTE
General note In Tamil.
650 #0 - SUBJECT ADDED ENTRY--TOPICAL TERM
Topical term or geographic name entry element Short stories, Tamil.

No items available.

Powered by Koha